Movie Alphabet N - Statistics

General Stats
  • This quiz has been taken 62 times
  • The average score is 9 of 16
Answer Stats
Picture Answer % Correct
Night at the Museum
94%
A Nightmare on Elm Street
85%
The Nightmare Before Christmas
75%
No Country for Old Men
69%
Napoleon Dynamite
65%
Nosferatu: A Symphony of Horror
65%
National Treasure
63%
Night of the Living Dead
60%
No Time to Die
58%
The Naked Gun: From the Files of Police Squad!
58%
North by Northwest
54%
National Lampoon's Vacation
46%
Never Say Never Again
27%
Network
23%
The Number 23
23%
Novocaine
21%
No matching quizzes found
Score Distribution
Percent of People with Each Score
Percentile by Number Answered
Your Score History
You have not taken this quiz